000
00295 a2200109 4500
001
ART_6179
005
20260410161825.0
008
260409a
245
1
0
_a
El camino del peregrino
100
1
_a
Estrella, Jorge Raúl
773
0
_t
FACES
_g
- Año 1, Nº 1 (jun 1995)
_w
REV5046
999
_c
22712
_d
22712